=LDR 00000nam 2200000 4500 =001 INLIS000000000033352 =005 20130612135318 =008 ***********************************ind** =035 ##$$a0010-061300000033352 =041 ##$$a ind =082 ##$$a 346.02 =090 ##$$a 346.02, Bah,h =100 ##$$a M.Bahsan =245 ##$$a Hukum Jaminan dan Jaminan Kredit Perbankan Indonesia, M.Bahsan =260 ##$$a 2008 $b Jakarta =300 ##$$a xi,163 hlm., 21 cm =650 ##$$a Hukum Perikatan =850 ##$$a NBPNMAT =990 ##$$a 21400480/BPAP-NTB/2014 =990 ##$$a 0001/BPAP-NTB/20142014